000 00341nam a22001457a 4500
008 230419b ||||| |||| 00| 0 eng d
020 _a9780314145772
041 _aeng
080 _2SECOND EDITION
_a34
082 _a34HAY
100 _a31
101 _aJURED
245 _aLAWYERING PRACTICE AND PLANNING
_cHAYDOCK.S.R
942 _2udc
_cBK
999 _c59603
_d59603